<?xml version="1.0" encoding="UTF-8"?>
<marc:record xmlns:marc="http://www.loc.gov/MARC21/slim">
   <marc:leader>00000nam a2200000 a 4500</marc:leader>
   <marc:datafield ind1="1" ind2=" " tag="100">
      <marc:subfield code="a">Chomsky, Marvin [Regie]</marc:subfield>
      <marc:subfield code="4">aut</marc:subfield>
      <marc:subfield code="e">Verfasser/-in</marc:subfield>
   </marc:datafield>
   <marc:datafield ind1="1" ind2=" " tag="100">
      <marc:subfield code="a">Streep, Meryl</marc:subfield>
   </marc:datafield>
   <marc:datafield ind1="0" ind2="0" tag="245">
      <marc:subfield code="a">Holocaust</marc:subfield>
   </marc:datafield>
   <marc:datafield ind1="0" ind2="0" tag="245">
      <marc:subfield code="b">Die Geschichte der Familie Weiss</marc:subfield>
   </marc:datafield>
   <marc:datafield ind1=" " ind2="1" tag="264">
      <marc:subfield code="b">Polyband Medien</marc:subfield>
      <marc:subfield code="c">2009</marc:subfield>
   </marc:datafield>
   <marc:datafield ind1="1" ind2=" " tag="520">
      <marc:subfield code="a">Das bahnbrechende TV-Ereignis über das bewegende Schicksal einer jüdischen Familie im Dritten Reich mit Oscar-Preisträgerin Meryl Streep in einer ihrer ersten großen Rollen. Der Vierteiler erzählt von der Verfolgung und Vernichtung der Juden im nationalsozialistischen Deutschland: Die jüdische Arztfamilie Weiss gerät in die Mordmaschinerie des NS-Staates, während der Jurist Dorf dadurch zu Einfluss und Karriere gelangt. Berlin, 1935: Karl Weiss und Inga Helms feiern ihre Hochzeit. Beide sind deutsche Staatsbürger, aber Karl ist Sohn einer jüdischen Familie. Wenig später werden die Nürnberger Gesetze erlassen, die sogenannte &#x84;Mischehen&#x93; als &#x84;Rassenschande&#x93; unter Strafe stellen. Dennoch bleibt die Familie Weiss in Deutschland. Noch ist der Schrecken, mit dem die Nazis ihre jüdischen Mitbürger überziehen werden, real nicht vorstellbar. Doch dann beginnt mit der &#x84;Kristallnacht&#x93; am 9. November 1938 die grausame Verfolgung der Juden.</marc:subfield>
   </marc:datafield>
   <marc:datafield ind1=" " ind2=" " tag="020">
      <marc:subfield code="a">6448755772</marc:subfield>
      <marc:subfield code="9">6448755772</marc:subfield>
   </marc:datafield>
   <marc:datafield ind1=" " ind2=" " tag="500">
      <marc:subfield code="a">ausgezeichnet  mit 8 Emmy-Awards und 2 Golden Globes</marc:subfield>
   </marc:datafield>
   <marc:datafield ind1="0" ind2=" " tag="490">
      <marc:subfield code="v">0</marc:subfield>
   </marc:datafield>
   <marc:datafield ind1=" " ind2=" " tag="300">
      <marc:subfield code="a">415' : 4 DVDs</marc:subfield>
   </marc:datafield>
</marc:record>
